Mulitmedia cartography

Αποθηκεύτηκε σε:
Λεπτομέρειες βιβλιογραφικής εγγραφής
Άλλοι συγγραφείς: Cartwright, William 1948- (Επιμελητής έκδοσης), Peterson, Michael P. (Επιμελητής έκδοσης), Gartner, Georg F. 1966- (Επιμελητής έκδοσης)
Μορφή: Βιβλίο
Γλώσσα:English
Δημοσίευση: Berlin : Springer, c2006
Έκδοση:2nd ed.
Θέματα:
Ετικέτες: Προσθήκη ετικέτας
Δεν υπάρχουν, Καταχωρήστε ετικέτα πρώτοι!

MARC

LEADER 00000nam a2200000 i 4500
001 1/93391
008 080908s2006 eng d
020 |a 3-540-36650-4 
035 |l 10099972 
040 |a GR-MY-UA  |b gre  |e aacr 
041 0 |a eng 
082 0 |a 526.0285  |2 (22) 
245 1 0 |a Mulitmedia cartography /  |c William Cartwright, Michael P. Peterson, Georg Gartner (editors). 
250 |a 2nd ed. 
260 |a Berlin :   |b Springer,   |c c2006 
300 |a xxv, 546 σ.;  |b εικ., χάρτες;  |c 24 εκ. 
504 |a Περιέχει βιβλιογραφικές παραπομπές και ευρετήριο 
650 0 0 |a Multimedia cartography. 
700 1 |a Cartwright, William  |d 1948-  |4 edt 
700 1 |a Peterson, Michael P.  |4 edt 
700 1 |a Gartner, Georg F.  |d 1966-  |4 edt 
852 |a INST  |b LESVOS  |e 20080908  |h 526.0285 MUL  |p 005100043035  |q 005100043035  |t BK  |y 0 
901 |a BIBL1-2008-3 
909 |a Λ  |b 145643 
922 |a 1ΕΛΗ  |b 200801  |c ΕΠΕΑΕΚ2/ΤΓ  |d ΕΛΕΥΘΕΡΟΥΔΑΚΗΣ 
970 |a ΚΑΡΑ  |b ΓΙΑΣΕΜΗ  |z 2008/09/08